Normal view
MARC view
Entry Personal Name
001 - CONTROL NUMBER
- control field: 77795
003 - CONTROL NUMBER IDENTIFIER
- control field: dpl
005 - DATE AND TIME OF LATEST TRANSACTION
- control field: 20250218130431.0
008 - FIXED-LENGTH DATA ELEMENTS
- fixed length control field: 250218|| aca||aabn | a|a d
040 ## - CATALOGING SOURCE
- Original cataloging agency: dpl
- Transcribing agency: dpl
100 ## - HEADING--PERSONAL NAME
- Personal name: Manoj Singh
670 ## - SOURCE DATA FOUND
- Source citation: Work cat.: (dpl)209216: Behl, Prashant 77794, Vivekananda Vision for India's Future:, 2023
